ბათუმის შოთა რუსთაველის სახელმწიფო უნივერსიტეტის ბიბლიოთეკა

რჩეული თხზულებანი : 4 ტომად. ტ. 1 (ბიბ.ჩანაწერი № 49051)

000 -LEADER
fixed length control field 01030nam a2200241Ia 4500
001 - CONTROL NUMBER
control field 15957
003 - CONTROL NUMBER IDENTIFIER
control field GE_BSU
008 - FIXED-LENGTH DATA ELEMENTS--GENERAL INFORMATION
fixed length control field 181216s||||||||xx |||||||||||||| ||und||
040 ## - CATALOGING SOURCE
Transcribing agency GE_BSU
080 ## - UNIVERSAL DECIMAL CLASSIFICATION NUMBER
Universal Decimal Classification number 821.353.1-32
100 ## - MAIN ENTRY--PERSONAL NAME
Personal name ჯაფარიძე, რ. (რევაზ)
245 ## - TITLE STATEMENT
Title რჩეული თხზულებანი : 4 ტომად. ტ. 1
245 ## - TITLE STATEMENT
Remainder of title მოთხრობები
245 ## - TITLE STATEMENT
Statement of responsibility, etc. რედ. თ.აბულაძე. მხ. შ.ნიორაძე
260 ## - PUBLICATION, DISTRIBUTION, ETC.
Place of publication, distribution, etc. თბილისი
260 ## - PUBLICATION, DISTRIBUTION, ETC.
Name of publisher, distributor, etc. საბჭ. საქართველო
260 ## - PUBLICATION, DISTRIBUTION, ETC.
Date of publication, distribution, etc. 1987
300 ## - PHYSICAL DESCRIPTION
Extent 574 გვ.22 სმ.1ფ.პორტრ.
653 ## - INDEX TERM--UNCONTROLLED
Uncontrolled term მოთხრობები
653 ## - INDEX TERM--UNCONTROLLED
Uncontrolled term რჩეული თხზულებანი
653 ## - INDEX TERM--UNCONTROLLED
Uncontrolled term ტყის ბიჭი; ხმა იდუმალი; გრძელი გზა; თეთრკაბიანი ქალი; მხიარული მატარებელი და სხვ.
942 ## - ADDED ENTRY ELEMENTS (KOHA)
Koha item type წიგნი
ეგზემპლარები
Withdrawn status Lost status Damaged status Not for loan Date acquired Barcode Date last seen Price effective from Koha item type
        2018-12-17 39634 2018-12-17 2018-12-17 წიგნი
        2018-12-17 39635 2018-12-17 2018-12-17 წიგნი
        2018-12-17 39636 2018-12-17 2018-12-17 წიგნი